1044 1916 1817 1198 1210 1233 1955 1231 1320 1557 1821 1477 1924 1942 1664 1103 1091 1370 1382 1214 1380 1512 1182 1599 1454 1956 1654 1876 1992 1058 1404 1363 1181 1404 1302 1156 1067 1016 1412 1752 1771 1141 1140 1001 1834 1787 1222 1734 1884 1968 1757 1868 1793 1073 1499 1070 1532 1694 1229 1805 1754 1300 1742 1380 1172 1811 1472 1753 1563 1469 1650 1331 1752 1856 1720 1043 1252 1450 1377 1620 1178 1478 1108 1915 1055 1733 1924 1889 1089 1656 1405 1284 1042 1652 1564 1970 1702 1392 1678 BCNSPRNW ULIB Ver.6.0+V

เปลี่ยนเป็นภาษาไทย

Change to English
 แสดงรายละเอียดบรรณานุกรม
  กลับหน้าหลัก

Brief Record : Get Marc (ISO 2709) : E-mail record : QR code < ปิดหน้าต่าง
LEADER : 00000nam 2200000uu 4500
001    13399121407
003     ULIB
008    121118s2552||||th 000 0 tha d
020    ^a9789744899712
050 04 ^aTK5105^bพ533อ
100 0  ^aพันจันทร์ ธนวัฒนเสถียร
245 10 ^aออกแบบและสร้างเว็บสวยด้วย Dreamweaver CS4 /^cพันจันทร์ ธนวัฒนเสถียร
260    ^aกรุงเทพฯ :^bซัคเซส มีเดีย,^c2552
300    ^a3341 หน้า :^bภาพประกอบ +^eซีดีรอม 1 แผ่น
650  7 ^aWeb Sites^xDesign
650  7 ^aMacromedia Dreamweaver (Computer file)
650  7 ^aWeb Sites^xAuthoring programs
650  7 ^aดรีมวีเวอร์
650  7 ^aโปรแกรมคอมพิวเตอร์
650  7 ^aเว็บไซต์
945    ^p199^l0^i16675
995    ^aวิภา
999 ^a ทศพร
รายการนี้ยังไม่มีแท็ก
คุณยังไม่ได้ล็อกอิน คุณสามารถมีกิจกรรมร่วมกับเว็บไซต์ได้ แต่ต้องล็อกอินก่อน ::
  ล็อกอิน

รายการสื่อสารสนเทศ

ลำดับที่ ประเภท เลขเรียก/บาร์โค้ด สถานที่ สถานะ
1. วิทยาศาสตร์การแพทย์ และสุขภาพ
วิทยาศาสตร์การแพทย์ และสุขภาพ
TK5105 พ533อ  
  Barcode: 16675
ห้องสมุดวิทยาเขตสวรรค์ประชารักษ์
►หนังสือทั่วไป
บนชั้น

รายการใกล้เคียง
    ผู้แต่ง [พันจันทร์ ธนวัฒนเสถียร]

    หัวเรื่อง [Macromedia Dreamweaver (Computer file)]
    หัวเรื่อง [ดรีมวีเวอร์]
    หัวเรื่อง [โปรแกรมคอมพิวเตอร์]
    หัวเรื่อง [เว็บไซต์]

BibComment


ยังไม่เคยถูกคอมเมนท์

คอมเมนท์ทรัพยากรรายการนี้
  คอมเมนท์: ออกแบบและสร้างเว..


 Copyright 2026. Bcnsprnw @Library